000 00804nam a2200229 i 4500
001 146487
003 ES-MaACL
005 20250809020457.0
007 t|
008 070911s1986 sp |||| | spa d
020 _a84-7398-433-1
245 0 0 _aTratado de derecho comunitario europeo
_b: estudio sistemático desde el derecho español /
_cpor Enrique Alonso García... [et al.] ; dirigido por Eduardo García de Enterría... [et al.].
250 _a1ª ed.
260 _aMadrid :
_bCivitas,
_c1986.
300 _a3 v. ;
_c25 cm.
650 7 _aDerecho comunitario
_2embne
_911677
650 7 _aDerecho-
_zEspaña
_2
_9141531
700 1 _aAlonso García, Enrique.
_920321
700 1 _aGarcía de Enterría, Eduardo.
_954425
852 _aES-MaACL
_jL-10596-98
999 _c146487
_d146487